| 000 | 01596nam a2200349 c 4500 | ||
|---|---|---|---|
| 003 | BLK | ||
| 005 | 20180422112358.0 | ||
| 008 | 180409b bul|||||r ||||||| ||bul|| | ||
| 010 | _aKNG00148124000 | ||
| 040 | _aBLK | ||
| 041 |
_aBUL _cBUL |
||
| 080 |
_aБългарска литература _b821.163.2 _x-93-1 _z821.163.2-93-1 |
||
| 100 | 1 |
_aЧичо Стоян _eпърви автор _gПопов, Стоян Михайлов _9376387 |
|
| 700 | 1 |
_aЯнков, Николай _eподб. и предг. _9364665 |
|
| 700 | 1 |
_aАбазова, Магда _eхудож. _9367530 |
|
| 700 | 1 |
_aПопов, Стоян Михайлов _e* _9372942 |
|
| 139 |
_aПопов, Стоян Михайлов _bП 76 |
||
| 245 | 1 | 0 |
_aКитка за малките _bСтихотворения за деца _cЧичо Стоян; подб. и предг. Николай Янков; худож. Магда Абазова; * Стоян Михайлов Попов. |
| 257 | _aBGR | ||
| 260 |
_аСофия _bБълг. писател _c1965 _fСофия : ДПК Д. Благоев |
||
| 300 |
_a171 с. _bс ил. _c17 см |
||
| 380 | _aDX | ||
| 500 | _aВ кн. авт. означен Чичо Стоян. - Съдържа и за авт. - 8 100 тир. | ||
| 653 | _aстихотворения за деца | ||
| 653 | _aлитература за деца | ||
| 653 | _aдетска литература | ||
| 852 | _aЦб І 34917 | ||
| 856 | 4 |
_qpdf _u |
|
| 856 | 4 |
_qpdf _u |
|
| 942 |
_cKNG _n0 |
||
| 944 |
_aCR _c01.08.2013 _lф / 01.08.2013 _kПолина_Златанова |
||
| 944 |
_aED _c26.09.2017 _lф / 01.08.2013 _kВася_Ганчева |
||
| 999 |
_c142048 _d142048 |
||